00370nam a2200109Ia 4500008004100000020002200041041001200063100001800075245004500093260003200138650009000170231221s9999 xx 000 0 und d a978-0-387-74244-1 aEnglish aReza N. Jazar 0aVehicle Dynamics: Theory and Application c2008bSpringer USaNew York aAutomotive Engineering; Vibration, Dynamical Systems, Control; Mechanical Engineering